Исследование порошка борида молибдена, полученного безвакуумным электродуговым методом; Energy Fluxes and Radiation Effects (EFRE-2024)

書誌詳細
Parent link:Energy Fluxes and Radiation Effects (EFRE-2024).— 2024.— P. 1366-1396
第一著者: Васильева Ю. З. Юлия Захаровна
その他の著者: Некля Ю. А. Юлия Александровна
要約:В данной работе проведены экспериментальные исследования по получению борида молибдена безвакуумным электродуговым методом с помощью электродугового реактора постоянного тока. Рентгенофазовый анализ показал наличие кристаллических фаз борида молибдена: MoB2 и Mo2B5. Морфология полученного порошка исследована методом растровой электронной микроскопии. Энергодисперсионный анализ подтвердил наличие атомов бора и молибдена в составе синтезированного образца
Текстовый файл
言語:ロシア語
出版事項: 2024
主題:
オンライン・アクセス:https://hcei.tsc.ru/files/ru/nauka/conference/efre-2024/N1-O-033101.pdf
https://efre.ru/files/abstracts/N1-O-033101-1710134583-KYFF.pdf
フォーマット: 電子媒体 図書の章
KOHA link:https://koha.lib.tpu.ru/cgi-bin/koha/opac-detail.pl?biblionumber=678765

MARC

LEADER 00000naa0a2200000 4500
001 678765
005 20250220151347.0
090 |a 678765 
100 |a 20250220d2024 k||y0rusy50 ca 
101 0 |a rus 
102 |a RU 
135 |a drcn ---uucaa 
181 0 |a i   |b  e  
182 0 |a b 
183 0 |a cr  |2 RDAcarrier 
200 1 |a Исследование порошка борида молибдена, полученного безвакуумным электродуговым методом  |d New electric arc method for synthesis of molybdenum borides  |z eng  |f Ю. З. Васильева, Ю. А. Некля 
203 |a Текст  |c электронный  |b визуальный 
283 |a online_resource  |2 RDAcarrier 
320 |a Литература: 11 назв 
330 |a В данной работе проведены экспериментальные исследования по получению борида молибдена безвакуумным электродуговым методом с помощью электродугового реактора постоянного тока. Рентгенофазовый анализ показал наличие кристаллических фаз борида молибдена: MoB2 и Mo2B5. Морфология полученного порошка исследована методом растровой электронной микроскопии. Энергодисперсионный анализ подтвердил наличие атомов бора и молибдена в составе синтезированного образца 
336 |a Текстовый файл 
463 1 |t Energy Fluxes and Radiation Effects (EFRE-2024)  |o Proceedings of 9th International Congress on Energy Fluxes and Radiation Effects (EFRE-2024), Tomsk, September 16-21, 2024  |c Tomsk  |n Academizdat Publishing  |d 2024  |v P. 1366-1396  |u https://hcei.tsc.ru/ru/nauka/conference/efre-2024.html 
610 1 |a борид молибдена 
610 1 |a электродуговые разряды 
610 1 |a безвакуумные методы 
610 1 |a электронный ресурс 
610 1 |a труды учёных ТПУ 
700 1 |a Васильева  |b Ю. З.  |c специалист в области электроэнергетики  |c научный сотрудник, доцент Томского политехнического университета, кандидат технических наук  |f 1995-  |g Юлия Захаровна  |9 22222 
701 1 |a Некля  |b Ю. А.  |c специалист в области ядерных технологий  |c техник Томского политехнического университета  |f 2003-  |g Юлия Александровна  |9 88524 
801 0 |a RU  |b 63413507  |c 20250220  |g RCR 
856 4 |u https://hcei.tsc.ru/files/ru/nauka/conference/efre-2024/N1-O-033101.pdf  |z https://hcei.tsc.ru/files/ru/nauka/conference/efre-2024/N1-O-033101.pdf 
856 4 |u https://efre.ru/files/abstracts/N1-O-033101-1710134583-KYFF.pdf  |z https://efre.ru/files/abstracts/N1-O-033101-1710134583-KYFF.pdf 
942 |c CF